00914nam a2200217 a 450000100100000000500170001000800410002704000130006808200080008124500390008926000570012830000270018549000290021250400530024183000360029404900090033095201220033995201070046195201130056899900150068100000925120200929161531.0090929s2004 dr a 001 0 spa d aDO-SdBNP axxx03aLa salud integral :bII passatore. aSanto Domingo, :bFundación Olimpia Milano,c2004. a172 p. :bil ;c21 cm.1 aBuscando la perfección aIncluye referencias bibliográficas [p.169-172] 0aBuscando la perfección919709 aBNPD 001054708DSaGRbGRcCTd2009-09-29iLF1l0oxxx p9251-30r2020-06-25te. 3w2020-06-25yLFDSZPréstamo en sala 0010718PDaPDbPDcCTd2009-09-29iLF1l0oxxx p9251-10r2020-06-25w2020-06-25yLFPDZNo se presta 0010718PDaPDbPDcCTd2009-09-29iLF1l0oxxx p9251-20r2020-06-25te. 2w2020-06-25yLFPDZNo se presta c9013d9013